MAASAI MARA UNIVERSITY

LIBRARY CATALOGUE

Contact Us: +254 020 2685356/7 or 0774 057787

Box: 861-20500, NAROK, KENYA

Email: info@mmarau.ac.ke

_Introductory Oceanography(9th ed) Harold V Thurman (Record no. 12589)

MARC details
000 -LEADER
fixed length control field 00463nam a2200157Ia 4500
008 - FIXED-LENGTH DATA ELEMENTS--GENERAL INFORMATION
fixed length control field 151021s9999 xx 000 0 und d
020 ## - INTERNATIONAL STANDARD BOOK NUMBER
International Standard Book Number 9.7801385706e+012
050 ## - LIBRARY OF CONGRESS CALL NUMBER
Classification number GC 16 .T45 2000
245 ## - TITLE STATEMENT
Title _Introductory Oceanography(9th ed) Harold V Thurman
260 ## - PUBLICATION, DISTRIBUTION, ETC. (IMPRINT)
Place of publication, distribution, etc. New Jersey Prentice hall 2001
300 ## - PHYSICAL DESCRIPTION
Extent xviii,554p.;ill
500 ## - GENERAL NOTE
General note Includes index.
500 ## - GENERAL NOTE
General note Includes index.
650 ## - SUBJECT ADDED ENTRY--TOPICAL TERM
Topical term or geographic name as entry element _Oceanography
980 ## - EQUIVALENCE OR CROSS-REFERENCE-SERIES STATEMENT--PERSONAL NAME/TITLE [LOCAL, CANADA]
Personal name ^d20120828 03:32:49^oanne

No items available.

© 2016 Maasai Mara University.